000 00344nam a2200145Ia 4500
008 231011s9999 xx 000 0 und d
041 _aeng
082 _a820
100 _aLorenz Patrica
245 _aThe 5 Things We Need to be Happy
250 _a1st
260 _bJaico Publishing House,Mumbai -
_c2011
300 _a227
365 _b200
999 _c899683
_d899683